000 00419cam a2200181 4500
001 D13552
008 090401t1925 xxu||||| |||| 00| 0 eng d
035 _a(Sirsi) u10302
041 _aeng
100 _aOrwin, C.S.
245 4 _aThe tenure of agricultural land
260 _bCambridge University Press
_c1925
350 _a0
520 _aShelf 132
700 _aPeel, W.R.
942 _n0
948 _c04/03/1997
999 _c86724
_d86724